00684nam a2200169 a 4500003000200000005001700002008004100019050003500060100002600095245010200121260009000223300004000313504004100353650004400394650004200438650003400480020250324115926.0071121s19uu xx 00 eng d aPHS LB 3060.33.A25b.C559 2007 aChua, James Nicolo C. aGender and family income and their relationship to academic performance /cJames Nicolo C. Chua. aLas Piñas City, Philippines :bSouthville International School and Colleges,c2007. a33 pages :billustrations ;c28 cm. aIncludes bibliographical references. aAcademic achievementxEconomic aspects. aAcademic achievementxSocial aspects. aSex differences in education.